000 00689nam a2200277Ia 4500
005 20260324122912.0
008 008 260324s9999 xx 000 0 eng d
020 _a9780429171277
037 _aEBOOK
040 _aCRL
040 _beng
040 _cCRL
041 _2eng
041 _aeng
084 _qCRL
100 _aChristopher R. Jacobs; Ronald Y. Kwon; Hayden Huang
_91168266
245 0 _aIntroduction to Cell Mechanics and Mechanobiology
260 _bTaylor and Francis
260 _c2012
365 _a
365 _b600
856 _uhttp://www.taylorfrancis.com/books/9780429171277
942 _cEBOOK
999 _c1761336
_d1761336